Love again - Dua Lipa - Lyrics - Statistics

General Stats
  • This quiz has been taken 313 times
  • The average score is 292 of 358
Answer Stats
Lyrics % Correct
a
99%
I
99%
love
98%
again
97%
me
97%
in
96%
you
96%
You
96%
got
94%
so
93%
So
93%
be
92%
never
91%
Never
91%
that
90%
to
90%
my
88%
the
85%
goddamn
84%
Goddamn
84%
goddamns
84%
hear
84%
out
84%
thought
84%
find
83%
but
82%
But
82%
anymore
81%
can't
81%
way
81%
believe
80%
on
78%
heart
77%
like
77%
would
77%
I'm
75%
loud
75%
not
75%
have
74%
of
74%
used
74%
Used
74%
afraid
73%
ever
72%
do
71%
and
70%
chest
69%
know
69%
somebody
69%
baby
68%
I'd
68%
many
68%
think
68%
crazy
67%
it
67%
Show
67%
Touch
67%
left
66%
met
66%
nights
66%
someone
65%
found
64%
heartbeat
64%
here
64%
own
64%
right
64%
something
64%
was
64%
you're
64%
what
63%
dance
62%
made
62%
spend
62%
had
61%
knew
61%
stone
61%
there's
61%
want
61%
one
60%
than
60%
finally
58%
heaven's
58%
tears
56%
Cause
55%
might
55%
fell
54%
rain
54%
before
53%
harder
53%
live
53%
take
51%
die
50%
I'll
50%
rather
49%
broken
48%
grave
48%
disbelief
47%
storm
43%
scared
40%
teeth
39%
La-la-la la-la-la
38%
sink
38%
sound
4%
No matching quizzes found
Score Distribution
Percent of People with Each Score
Percentile by Number Answered
Your Score History
You have not taken this quiz